000 00494nam a2200181Ia 4500
008 151018s9999 xx 000 0 und d
082 _bRBASDV8376
_a891.463
100 _aवसंत गांगल
245 _aवैशाली
250 _b1
260 _bपै.दि.कृ.
_c1973
300 _a160
600 _aवसंत गांगल
630 _aवैशाली
700 _aवसंत गांगल
730 _aवैशाली
942 _cBOOK
999 _c1010740
_d1010737